Quản trị hợp tác xã nông nghiệp: Dùng cho đào tạo, bồi dưỡng cán bộ quản trị hợp tác xã nông nghiệp
Đã lưu trong:
| 格式: | 圖書 |
|---|---|
| 語言: | Undetermined |
| 出版: |
H.
Nông nghiệp
2004
|
| 主題: | |
| 標簽: |
添加標簽
沒有標簽, 成為第一個標記此記錄!
|
| Thư viện lưu trữ: | Trung tâm Học liệu Trường Đại học Cần Thơ |
|---|
| LEADER | 00633nam a2200193Ia 4500 | ||
|---|---|---|---|
| 001 | CTU_74997 | ||
| 008 | 210402s9999 xx 000 0 und d | ||
| 020 | |b 67223 | ||
| 082 | |a 334.683 | ||
| 082 | |b Qu105 | ||
| 245 | 0 | |a Quản trị hợp tác xã nông nghiệp: | |
| 245 | 0 | |b Dùng cho đào tạo, bồi dưỡng cán bộ quản trị hợp tác xã nông nghiệp | |
| 245 | 0 | |c Phạm Vân Đình ... [et al.] | |
| 260 | |a H. | ||
| 260 | |b Nông nghiệp | ||
| 260 | |c 2004 | ||
| 650 | |a agriculture,cooperative | ||
| 904 | |i Tuyến | ||
| 980 | |a Trung tâm Học liệu Trường Đại học Cần Thơ | ||